|
|
|
|
| LEADER |
00000cam a2200000 i 4500 |
| 001 |
1/103779 |
| 008 |
090406s2007####gr | | ||| |||| ||gre|| |
| 020 |
|
|
|a 9789608665279
|
| 035 |
|
|
|l 10104180
|
| 040 |
|
|
|a GR-MyUA
|b gre
|e AACR2
|
| 041 |
0 |
|
|a gre
|h eng
|
| 082 |
0 |
|
|a 327.87044
|2 (22)
|
| 100 |
1 |
|
|a Καλυβιώτης, Αριστομένης.
|
| 245 |
1 |
0 |
|a Παιχνίδια - Ηχητικά αντικείμενα =
|b Toys - sound objects /
|c Αριστομένης Καλυβιώτης.
|
| 246 |
1 |
|
|i Παράλληλος τίτλος:
|a Toys - sound objects
|
| 260 |
|
|
|a Σάμος :
|b Απόπλους,
|c c2007.
|
| 300 |
|
|
|a 110 σ. :
|b εικ. ;
|c 27 εκ.
|
| 500 |
|
|
|a Κείμενο στα Ελληνικά και Αγγλικά.
|
| 504 |
|
|
|a Βιβλιογραφία: σ. 109-110.
|
| 650 |
0 |
0 |
|a Games with music.
|
| 650 |
0 |
0 |
|a Educational games.
|
| 852 |
|
|
|a INST
|b SAMOS
|e 20090406
|h 327.87044 ΚΑΛ
|p 005300028979
|q 005300028979
|t BK
|y 0
|
| 852 |
|
|
|a INST
|b SAMOS
|e 20090406
|h 327.87044 ΚΑΛ
|p 005300028980
|q 005300028980
|t BK
|y 0
|
| 901 |
|
|
|a BIBL3-2009-1
|
| 901 |
|
|
|a BIBL3-2009-1
|
| 909 |
|
|
|a Σ
|b 155999
|
| 909 |
|
|
|a Σ
|b 156000
|
| 970 |
|
|
|a ΣΙΤΖΙΜΗ
|b ΓΙΑΣΕΜΗ
|z 2009/04/06
|